Linear multivariable control theory (Record no. 12414)

000 -LEADER
fixed length control field 00538nam a22002057a 4500
001 - CONTROL NUMBER
control field 12414
003 - CONTROL NUMBER IDENTIFIER
control field BD-DhUET
008 - FIXED-LENGTH DATA ELEMENTS--GENERAL INFORMATION
fixed length control field 150225s1981 ii a|||| |||| 001 0 eng d
020 ## - INTERNATIONAL STANDARD BOOK NUMBER
International Standard Book Number 0074515128
040 ## - CATALOGING SOURCE
Transcribing agency 0
Modifying agency BD-DhUET
082 ## - DEWEY DECIMAL CLASSIFICATION NUMBER
Classification number 629.432
Item number APT/1981
100 ## - MAIN ENTRY--PERSONAL NAME
Personal name Apte Y. S.
245 ## - TITLE STATEMENT
Title Linear multivariable control theory
250 ## - EDITION STATEMENT
Edition statement 1st ed.
260 ## - PUBLICATION, DISTRIBUTION, ETC. (IMPRINT)
Place of publication, distribution, etc. New Delhi
Name of publisher, distributor, etc. Tata McGraw-Hill
Date of publication, distribution, etc. 1981
300 ## - PHYSICAL DESCRIPTION
Extent xii, 164 p.
Other physical details ill.
Dimensions 25 cm.
504 ## - BIBLIOGRAPHY, ETC. NOTE
Bibliography, etc Includes bibliographies
650 #0 - SUBJECT ADDED ENTRY--TOPICAL TERM
Topical term or geographic name as entry element Multivariable control theory
942 ## - ADDED ENTRY ELEMENTS (KOHA)
Koha item type General Book
Holdings
Withdrawn status Location (home branch) Source of classification or shelving scheme Koha item type Lost status Koha date last seen Copy number Koha normalized classification for sorting Sublocation or collection (holding branch) Price effective from Date acquired Koha full call number Not for loan Damaged status Piece designation (barcode) Shelving location
 Central Library, BUET General Book 2015-02-251629_432000000000000_APT_1981Central Library, BUET2015-02-252015-02-25629.432/APT/1981  58424Circulation section
 Central Library, BUET General Book 2015-02-252629_432000000000000_APT_1981Central Library, BUET2015-02-252015-02-25629.432/APT/1981  58428Cataloging section
 Central Library, BUET General Book 2015-02-253629_432000000000000_APT_1981Central Library, BUET2015-02-252015-02-25629.432/APT/1981  58427Circulation section
 Central Library, BUET General Book 2015-02-254629_432000000000000_APT_1981Central Library, BUET2015-02-252015-02-25629.432/APT/1981  58426Circulation section
 Central Library, BUET General Book 2015-02-255629_432000000000000_APT_1981Central Library, BUET2015-02-252015-02-25629.432/APT/1981  58425Circulation section
 Central Library, BUET General Book 2015-02-256629_432000000000000_APT_1981Central Library, BUET2015-02-252015-02-25629.432/APT/1981  58422Circulation section
 Central Library, BUET General Book 2015-02-257629_432000000000000_APT_1981Central Library, BUET2015-02-252015-02-25629.432/APT/1981  58423Circulation section
 Central Library, BUET General Book 2015-05-078629_432000000000000_APT_1981Central Library, BUET2015-05-072015-05-07629.432/APT/1981   58420Circulation section